Der Katholik und die Strafrechtsreform

Guardado en:  
Detalles Bibliográficos
Autor principal: Panzer, Karl (Autor)
Tipo de documento: Print Libro
Lenguaje:Alemán
Publicado: Koeln Volkswartbund circa 1964
En:Año: 1964
Disponibilidad en Tübingen:Disponible en Tübingen.
UB: 10 A 697
Availability in Albert-Krebs Library:LD.50.026
2014-24
Verificar disponibilidad: HBZ Gateway
Servicio de pedido Subito: Pedir ahora.
Palabras clave:

MARC

LEADER 00000cam a2200000 c 4500
001 1077554168
003 DE-627
005 20240424221231.0
007 tu
008 850101s1964 xx ||||| 00| ||ger c
035 |a (DE-627)1077554168 
035 |a (DE-576)007554168 
035 |a (DE-599)BSZ007554168 
035 |a (OCoLC)73615699 
040 |a DE-627  |b ger  |c DE-627  |e rakwb 
041 |a ger 
084 |a 1  |2 ssgn 
084 |a 2,1  |2 ssgn 
084 |a PH 8000  |2 rvk  |0 (DE-625)rvk/136482: 
100 1 |a Panzer, Karl  |4 aut 
109 |a Panzer, Karl 
245 1 4 |a Der Katholik und die Strafrechtsreform  |c Karl Panzer 
264 1 |a Koeln  |b Volkswartbund  |c circa 1964 
300 |a 116, XIII S. 
336 |a Text  |b txt  |2 rdacontent 
337 |a ohne Hilfsmittel zu benutzen  |b n  |2 rdamedia 
338 |a Band  |b nc  |2 rdacarrier 
583 1 |a Archivierung/Langzeitarchivierung gewährleistet  |f SSG  |x XA-DE-BW  |2 pdager  |5 DE-21 
650 4 |a Strafrecht  |x Reform  |7 (dpeaa)DE-2619 
935 |a mkri 
936 r v |a PH 8000  |b Schriftenreihen, Serien, Kongressberichte, Sammelwerke  |k Rechtswissenschaft  |k Strafrecht, Strafverfahrensrecht, Kriminologie  |k Kriminologie  |k Allgemeines  |k Schriftenreihen, Serien, Kongressberichte, Sammelwerke  |0 (DE-627)127212715X  |0 (DE-625)rvk/136482:  |0 (DE-576)20212715X 
951 |a BO 
ELC |b 1 
LOK |0 000 xxxxxcx a22 zn 4500 
LOK |0 001 2059296846 
LOK |0 003 DE-627 
LOK |0 004 1077554168 
LOK |0 005 19981224000000 
LOK |0 008 981224||||||||||||||||ger||||||| 
LOK |0 040   |a DE-21  |c DE-627  |d DE-21 
LOK |0 852   |a DE-21 
LOK |0 852 1  |c 10 A 697  |9 00 
LOK |0 935   |a kram  |a konv 
LOK |0 939   |a 24-12-98  |b l01 
LOK |0 000 xxxxxcx a22 zn 4500 
LOK |0 001 2059296803 
LOK |0 003 DE-627 
LOK |0 004 1077554168 
LOK |0 005 19971029000000 
LOK |0 008 971029||||||||||||||||ger||||||| 
LOK |0 040   |a DE-Frei85  |c DE-627  |d DE-Frei85 
LOK |0 852   |a DE-Frei85 
LOK |0 852 1  |m p  |9 00 
LOK |0 938   |k p 
LOK |0 939   |a 29-10-97  |b l01 
LOK |0 000 xxxxxcx a22 zn 4500 
LOK |0 001 4196263909 
LOK |0 003 DE-627 
LOK |0 004 1077554168 
LOK |0 005 20221011150644 
LOK |0 008 221011||||||||||||||||ger||||||| 
LOK |0 035   |a (DE-2619)k04144 
LOK |0 040   |a DE-2619  |c DE-627  |d DE-2619 
LOK |0 092   |o n 
LOK |0 541   |e Bestand Albert-Krebs-Bibliothek: 2014-24 
LOK |0 852   |a DE-2619 
LOK |0 852 1  |c LD.50.026  |m p  |9 00 
LOK |0 935   |a kreb 
LOK |0 938   |k p 
LOK |0 939   |a 11-10-22  |b l01 
ORI |a SA-MARC-krimdoka001.raw 
SIG |a UB: 10 A 697